| 000 | 01076nji a22002657a 4500 | ||
|---|---|---|---|
| 005 | 20100920115442.0 | ||
| 006 | a|||||r|||||00| 0 | ||
| 007 | sd ammalaaahaa | ||
| 008 | 100830t xxu||||| |||| 00| 0 eng d | ||
| 028 |
_aECLP.2777 _bHis Master's Voice |
||
| 035 | _aGR-03952 | ||
| 040 |
_aSED _cSED |
||
| 100 |
_917455 _aMahmood, Talat |
||
| 245 |
_aKabhi shakh-o-sabza-o-barg par / _cby Talat Mahmood _h[sound recording] : |
||
| 246 | _aकभी-शाख-ओ- सब्ज़ा-ओ-बर्ग पर / तलत महमूद द्वारा | ||
| 260 |
_aDum Dum, India _bHis Master's Voice _c1977 |
||
| 300 |
_a1 sound disc [Gramophone Recording]: _banalog, 33 1/3 rpm _c12.5 in. (LP) _fGramophone Record |
||
| 500 | _aBrief Record | ||
| 500 | _aRecord labels :His Master's Voice, Red | ||
| 505 | _aSide-2 Roshni saya-e-zulmaat se aage na badhi (Talat Mahmood) | ||
| 600 |
_aMahmood, Talat _920770 |
||
| 650 |
_aGhazals _zIndia _91186 _xExcerpts |
||
| 942 |
_2ddc _cGR |
||
| 999 |
_c46941 _d46941 |
||